Du lịch sinh thái. Những vấn đề về lý luận và thực tiễn phát triển ở Việt Nam
Đã lưu trong:
| Tác giả chính: | |
|---|---|
| Định dạng: | Sách |
| Được phát hành: |
HN.
Giáo dục
2002
|
| Các nhãn: |
Thêm thẻ
Không có thẻ, Là người đầu tiên thẻ bản ghi này!
|
| Thư viện lưu trữ: | Trung tâm Học liệu Lê Vũ Hùng, Trường Đại học Đồng Tháp |
|---|
| LEADER | 00688pam a22001818a 4500 | ||
|---|---|---|---|
| 001 | 00039025 | ||
| 005 | 20171026081025.0 | ||
| 008 | 170517s2002 ||||||Viesd | ||
| 041 | 0 | # | |a Vie |
| 082 | 1 | 4 | |a 338.4 |b D500L |
| 100 | 1 | # | |a Phạm Trung Lương |
| 245 | 1 | 0 | |a Du lịch sinh thái. Những vấn đề về lý luận và thực tiễn phát triển ở Việt Nam |c Phạm Trung Lương...[và các tác giả khác] |
| 260 | # | # | |a HN. |b Giáo dục |c 2002 |
| 300 | # | # | |a 248 tr. |c 21 cm |
| 852 | # | # | |b Kho đọc |j KD.0020241 |
| 852 | # | # | |j KD.0020241 |
| 910 | |d 17/05/2017 | ||
| 980 | # | # | |a Trung tâm Học liệu Lê Vũ Hùng, Trường Đại học Đồng Tháp |